000 00503nam a2200133Ia 4500
008 171207s9999 xx 000 0 und d
100 _aDvir-Gvirsman, Shira
245 _aMedia audience homophily: Partisan websites, audience identity and polarization processes
245 _cShira Dvir-Gvirsman
260 _c2017
300 _apages 1072-1091, July 2017
440 _aNew Media & Society
_v19:7
650 _aHomophily, network analysis, partisan media, reinforcing-spiral model, selective exposure
999 _c347668
_d347668